Architecture - Statistiques

Statistiques générales
  • Ce quiz a été pris 32 fois
    13 depuis la dernière actualisation
  • Le résultat moyen est 21 sur 78
Statistiques - réponses
Catégories Indice Réponses % Correct
De son vrai nom Charles-Édouard Jeanneret-Gris, c'est un architecte, urbaniste, designer, peintre, sculpteur, homme de lettres, poète et théoricien suisse naturalisé français Il est connu pour être l'inventeur de « l'unité d'habitation ». On lui doit la villa Savoye (Poissy), la cité radieuse de Marseille, etc. Le Corbusier
75%
Gratte-ciel situé à Dubaï aux Émirats arabes unis, devenu en mai 2008 la plus haute structure humaine jamais construite. Sa hauteur finale, atteinte le 17 janvier 2009, est de 828 mètres Burj Khalifa
63%
Ce grand ouvrage défensif militaire voulu par une succession d’empires chinois totalise plus de 20 000 km de long. C'est la structure architecturale la plus importante jamais construite par l’homme à la fois en longueur, en surface et en masse. Grande Muraille
63%
André Malraux commanda 200 mètres carrés de fresques au peintre Chagall pour le plafond de ce bâtiment construit par l'architecte du même nom. Opéra Garnier
63%
Sept merveilles antiques Tombeau d'un pharaon, le monument se situe au centre d'un complexe funéraire à Gizeh en Egypte. Pyramide de Khéops
63%
Sept nouvelles merveilles Cette ville sacrée était l’un des plus grands centres mayas de la péninsule du Yucatán. Plusieurs bâtiments de cette civilisation subsistent, notamment le temple des Guerriers, El Castillo et l’observatoire circulaire connu sous le nom d’El Caracol. Chichen Itza
50%
Nommé à l'origine amphithéâtre Flavien, ce monument a été construit, à Rome, pour offrir aux citoyens romains des spectacles. Le nom actuel est probablement dérivé de celui d'une statue colossale de Néron, érigée à proximité. Colisée
50%
Cet architecte français est surtout connu pour ses restaurations de constructions médiévales, édifices religieux et châteaux : restaurations de Notre-Dame de Paris, Cité de Carcassonne, la basilique Sainte-Marie-Madeleine de Vézelay... Eugène Viollet-le-Duc
50%
Architecte et concepteur américain. Il est l'auteur de plus de quatre cents projets réalisés, musées, stations-service, tours d’habitation, hôtels, églises, mais principalement des maisons qui ont fait sa renommée. Il est notamment le principal protagoniste du style Prairie et le concepteur des maisons usoniennes, petites habitations en harmonie avec l’environnement où elles sont construites. Frank Lloyd Wright
50%
Architecte américain d'origine chinoise né à Canton et mort à New York. On lui doit la Pyramide du Louvre, le Bâtiment est de la National Gallery of Art, la Tour de la Bank of China, le Musée d'Art islamique de Doha, etc. Ieoh Ming Pei
50%
Enfant urinant de Bruxelles, comme les “putti”, ces Amours joufflus et rieurs qui inspira de nombreux artistes. Manneken-Pis
50%
Située dans l'ancienne ville d'Olympie et conçue par Phidias, la statue gigantesque représentait un dieu grec assis sur son trône. Statue de Zeus
50%
C'est de son traité, De architectura, que nous vient l’essentiel des connaissances sur les techniques de construction de l'Antiquité classique. Vitruve
50%
Architecte et urbaniste irako-britannique. Figure importante du courant déconstructiviste, elle est l'une des femmes architectes les plus récompensées par la profession. On lui doit : MAXXI, Rome Pavillon-Pont, Saragosse Phaeno, Wolfsburg Tour CMA CGM (Marseille) Zaha Hadid
50%
Cette statue monumentale dominant la ville de Rio de Janeiro, du haut du mont du Corcovado, mesure 38 mètres de haut. C'est un symbole du christianisme. Christ rédempteur
38%
Artiste de la Première Renaissance italienne, inhumé dans la cathédrale Santa Maria del Fiore de Florence dont il construisit la fameuse coupole : 35 m de hauteur au-dessus du tambour, 46 m de diamètre, 37 000 tonnes, 4 000 000 de briques. Filippo Brunelleschi
38%
Architecte américano-canadien. Professeur d’architecture à l’université Yale. On lui doit la Cinémathèque française (Paris), la Maison dansante (Prague), le Musée Guggenheim (Bilbao), la Fondation Louis-Vuitton (Paris), Luma (Arles), etc. Frank Gehry
38%
Construction en pyramide, chaque escalier formant une terrasse arborée. Probablement située à 50 km au sud de l'actuelle Bagdad, proche de la tour de Babel. Jardins suspendus de Babylone
38%
Architecte français contemporain de renommée internationale. On lui doit l'Institut du monde arabe (Paris), la Fondation Cartier (Paris), le Musée du Quai Branly (Paris), la Philharmonie (Paris), le Louvre Abou Dabi (Abou Dabi), le Musée national du Qatar (Doha), la Tour Bleue (Charleroi), etc. Jean Nouvel
38%
À 2 430 mètres d'altitude, dans un site montagneux d'une extraordinaire beauté, au milieu d'une forêt tropicale, cette ancienne cité sacrée est l’une des plus grandes réalisations artistiques et architecturales de l'Empire inca à son apogée. Machu Picchu
38%
Architecte et un designer brésilien. On lui doit la Ville nouvelle Brasilia (Brésil) avec l'urbaniste Lúcio Costa, l'ancien siège du journal L'Humanité (Saint-Denis), la Bourse du travail (Bobigny), la Maison de la culture du Havre, etc. Oscar Niemeyer
38%
Cette cité caravanière nabatéenne, taillée dans la roche, est située entre la mer Rouge et la mer Morte en Jordanie. Elle fut dans l'Antiquité un carrefour important entre l'Arabie, l'Égypte et la Syrie-Phénicie. Pétra
38%
Il a servi de guide aux marins pendant près de dix-sept siècles et fut érigé par la dynastie des Ptolémées. Phare d'Alexandrie
38%
Architecte italien. On lui doit le Centre Pompidou (Paris), The Shard (Londres), le Whitney Museum of American Art (New York), le Centre culturel Tjibaou (Nouméa), etc. Renzo Piano
38%
Cet immense mausolée funéraire de marbre blanc est édifié à Agra, sur l'ordre de l'empereur moghol Shah Jahan pour perpétuer le souvenir de son épouse défunte. Il est considéré comme un joyau de l'architecture moghole. Taj Mahal
38%
Situé dans la cité antique d'Éphèse, ses dimensions étaient colossales : 137,74 m de longueur et 71,74 m de largeur. Temple d'Artémis
38%
De son vrai nom Sébastien Le Prestre, c'est un architecte expert en poliorcétique (l’art d’assiéger les villes), il se révèle un redoutable preneur de villes, et est, à 27 ans, nommé "ingénieur militaire responsable des fortifications". Il va bâtir une "ceinture de fer" autour du royaume. On luit doit 150 villes fortifiées, dont 12 inscrites au patrimoine mondial de l'UNESCO (Besançon, Briançon, Mont-Dauphin...) Vauban
38%
Architecte français, Prix de Rome en 1833. Architecte en chef de la Ville de Paris à partir de 1849, sa carrière se déroule durant le Second Empire. On lui doit les 12 pavillons des Halles de Paris, construits entre 1852 et 1872 (ils ont été détruits en 1972, sauf un). Victor Baltard
38%
Architecte, designer et urbaniste allemand, naturalisé américain en 1944. Il est le fondateur du Bauhaus, mouvement clé de l'art européen de l'entre-deux-guerres, qui jette les bases du style international. Walter Gropius
38%
Architectes belges. Ils sont à l’origine d’un grand nombre de bâtiments principalement à Bruxelles et en Belgique dont l'Atomium qui représente un atome de fer. André et Jean Polak
25%
Plasticien britannique est spécialisé dans l'art d'installation et l'art conceptuel. Il est connu pour ses créations inspirées à la fois de la culture occidentale et de ses origines orientales. On lui doit le Cloud Gate (Chicago). Anish Kapoor
25%
Maçonnerie en forme d'arc qui soutient un mur de l'extérieur (Ex : gothique). Arc-boutant
25%
Peintre et architecte de la Renaissance italienne, d'abord au service de Ludovic Sforza à Milan, puis du pape Jules II à Rome, il propose une synthèse entre l'art antique et l'art de la Renaissance. On lui doit la basilique Saint-Pierre de Rome, commencée en 1506 : l'artiste en trace les plans et élève l'édifice. Bramante
25%
Salle de spectacle de forme circulaire, inaugurée par Napoléon III et construite par Jacques Hittorff en 1852, utilisée comme salle de concerts populaires de musique classique, puis comme salle de théâtre et de cinéma, jusqu'à son achat par la famille Bouglione en 1934. Cirque d’hiver
25%
Statue en bronze d’Hélios, le dieu-soleil, conçue par Charès de Lindos. Souvenir de la résistance victorieuse à Démétrios Ier Poliorcète (-305 à -304), cette gigantesque effigie fut renversée vers -227 par un tremblement de terre. Colosse de Rhodes
25%
Habitation ouvrière construite pour les mineurs dans le nord de la France et le sud de la Belgique. Coron
25%
Architectes Personnage emblématique de l'Égypte antique, philosophe, médecin, et architecte du roi Djéser (IIIe dynastie). Il réalisa pour ce dernier la plus ancienne pyramide à degrés du monde, édifiée dans un complexe funéraire à Saqqarah (près du Caire). Imhotep
25%
Architecte français. Sa principale réalisation est la ville de La Grande-Motte, station balnéaire et port de plaisance, pendant les années 1960 et 1970. C'est le cousin d’un ancien premier ministre français. Jean Balladur
25%
Tour de 553,33 m située dans le centre de Toronto, au Canada, qui est devenue l'emblème de cette ville. Pendant 34 ans, elle a été la plus haute structure du monde avant d'être dépassée en 2010 par la tour suivante. La tour CN
25%
Monument commémoratif en haut-relief situé à Belfort, en France, au pied de la falaise de la citadelle. Œuvre du sculpteur alsacien Auguste Bartholdi, il commémore la résistance de la ville assiégée par les Prussiens durant la guerre franco-allemande de 1870. Le Lion de Belfort
25%
Premier architecte du roi Louis XIV en 1654, il est le créateur du style "classique". Il réalise son chef-d'œuvre, le Château de Vaux-le-Vicomte, réalisé pour le surintendant des Finances Nicolas Fouquet, qui rendra jaloux le roi. On lui doit par conséquent le début de la construction du château de Versailles, de 1661 à 1670 ainsi que l’agrandissement du Louvre. Louis Le Vau
25%
Ouverture verticale construite en saillie sur un toit, avec ses propres petites parois et un toit (souvent en pente) Lucarne
25%
Situé dans la ville de Bodrum, ce monument funéraire de forme rectangulaire avait une hauteur de 45 mètres et fut conçu par Pythéos et Satyros de Priène. Mausolée d'Halicarnasse
25%
Dans le militaire ou carcéral, tour d'observation destinée à surveiller une zone. Mirador
25%
Architecte britannique, parmi les plus primés au monde. On lui doit le Carré d'art (Nîmes), le Palais du Reichstag (Berlin), le Viaduc de Millau, l'Hôtel de ville de Londres, l'Aéroport de Hong-Kong, etc. Norman Foster
25%
Arc diagonal sous une voûte gothique, qui en marque l’arête. Ogive
25%
Architecte espagnol. On lui doit la salle de concert de l'Arsenal de Metz, le quartier Antigone à Montpellier, la place de Catalogne et le marché Saint-Honoré à Paris, etc. Ricardo Bofill
25%
Architecte japonais. À 17 ans il commence une carrière de boxeur professionnel, et découvre en parallèle l'œuvre de Le Corbusier, qui l'impressionne énormément. Grâce à ses gains de boxeur, il part en 1965 vers l'Europe pour le rencontrer. On lui doit le Musée d'art moderne de Fort Worth, l'Église de la lumière (Ibaraki, Osaka), etc. Tadao Andō
25%
Palais fortifié alliant des qualités militaires et d'agrément tels que les firent construire les souverains musulmans en al-Andalus. Ces palais furent adoptés par les souverains chrétiens après la Reconquista. Les villes espagnoles de Jerez de la Frontera, Madrid, Ségovie, Séville, Tolède, et Cordoue entre autres en possèdent. Alcazar
13%
Bâtiment où les caravanes de marchands peuvent faire halte, se désaltérer et se restaurer au Proche et Moyen-Orient, au Maghreb et au Sahel, ainsi qu'en Asie centrale et du Sud. Caravansérail
13%
Conduit qui longe le toit et recueille les eaux de pluie. Chéneau
13%
Type d'ouverture précédente qui se caractérise par un petit toit presque plat ou très peu incliné, donnant l’impression “d’être assis” sur la toiture. Chien-assis
13%
Éléments architecturaux Façade principale d'un grand édifice. Frontispice
13%
Ornement vertical, le plus souvent triangulaire, au-dessus de l'entrée d'un édifice. Fronton
13%
Architecte danois. On lui doit l'Opéra de Sydney (Australie). Jørn Utzon
13%
Architecte français. Il fut Premier architecte du roi Louis XIV et surintendant des Bâtiments du roi. On lui doit la Galerie des glaces du château de Versailles et la place Vendôme. Jules Hardouin-Mansart
13%
Monuments Joyau de l'architecture militaire des XIIe et XIIIe siècles, c'est la plus emblématique des forteresses construites par les croisés au Proche-Orient, par la qualité de sa construction et par son état de conservation exceptionnel. Krak des Chevaliers
13%
Décorations Technique de décoration chinoise apparue vers le milieu du XVIIe siècle utilisée principalement pour les paravents. Le nom provient d'une côte en Inde. C’est là que les navires des Compagnies des Indes orientales (anglaises et françaises) récupéraient ces objets exportés de Chine pour les ramener en Europe. Coco Chanel possédait 32 paravents. Laques de Coromandel
13%
Toit brisé à quatre pans ou chambre aménagée dans un comble et dont un mur est en pente. L’invention est faussement attribuée à François Mansart. Mansarde
13%
Auvent vitré placé au-dessus de la porte d'entrée, du perron d'un bâtiment, ou au-dessus d'un quai de gare, et qui sert d'abri. Marquise
13%
Type d'hébergement hôtelier que l'on trouve sur le bord des grands axes de communication, permettant aux automobilistes de passage de faire une halte. Le terme est un mot-valise, contraction de l'anglais motor et hotel. Motel
13%
Baie verticale (lucarne) de forme ovale ou circulaire. Cette ouverture peut être pratiquée sur une façade, une porte, un mur, une cloison. Œil-de-bœuf
13%
En 1873, cet architecte - ancien architecte diocésain - gagne le concours d'un projet de la Basilique du Sacré-Cœur de Montmartre. Paul Abadie
13%
Baie dans la façade d'un bâtiment par laquelle les véhicules peuvent passer. Porte cochère
13%
Situé sur la colline de Marpori (« la colline rouge »), au centre de la vallée de Lhassa. Construit par le 5e dalaï-lama, c'est le lieu de résidence principal des dalaï-lamas successifs et hébergea le Gouvernement tibétain jusqu'à la fuite du 14e dalaï-lama en Inde. Potala
13%
Architecte français d'origine italienne. On lui doit le MUCEM (Marseille). Rudy Ricciotti
13%
Maison de villégiature ou de réception construite à partir du XIVe siècle et principalement au XIXe siècle par l'aristocratie ou la bourgeoisie aisée en périphérie des villes. Une folie
13%
Élément de mobilier urbain permettant aux usagers des transports en commun d'attendre le véhicule dans un abri protégeant des intempéries. Aubette
0%
Fenêtre en saillie sur un mur de façade. Bow-window
0%
Constructions Estrade funéraire supportant le cercueil, érigée provisoirement ou définitivement dans une église. Le terme provient de l'italien signifiant « échafaudage ». Catafalque
0%
Motif ornemental aussi appelé nœud celtique. Il évoque des cordes sans extrémités et enchevêtrées, généralement symétriques. Entrelacs
0%
Désigne au XIIe siècle une petite chambre et, à partir de la Renaissance, un pavillon ou un temple à l'antique, situé dans le parc du château, comme lieu propice au repos et à la poésie. Celle du château de Schönbrunn, en Autriche, s'apparente davantage à un pavillon de plaisance par ses dimensions. Gloriette
0%
Architecte danois. On lui doit L'arche de la Défense (Paris). Johann Otto von Spreckelsen
0%
Ornement découpé, souvent ajouré, soit en bois soit en métal, bordant un avant-toit en saillie ou le haut d'une fenêtre. Lambrequin
0%
Galerie à colonnes soutenant des arcades et ouverte sur l’extérieur. Loggia
0%
Ouverture pratiquée à la partie inférieure d’un édifice, pour donner un peu d’air et de jour à une cave, à un sous-sol ou à un autre lieu souterrain. Soupirail
0%
Décoration en forme de toile autour de fenêtres dans l'architecture gothique. Tracerie
0%
Célèbre architecte américain. On lui doit l'Empire State Building. William Frederick Lamb
0%
Aucun quiz correspondant
Distribution des résultats
% des personnes avec chaque résultat
Percentile par nombre de réponses
Votre historique - résultats
Vous n’avez pas pris ce quiz depuis la dernière actualisation